00257nam a2200073Ia 4500008004100000100001700041245009800058260002700156201231s9999 xx 000 0 und d aFoster, Bill 0aCoaching for peak employee performance: A Practical guide to supporting employeee development aNew DelhibWheeler pub